عرض عادي عرض مارك
  • أبو النور، محمد

مدخل إسم شخص

عدد التسجيلات المستخدمة في: 1

001 - رقم الضبط

  • حقل الضبط: 4330

003 - معرف رقم الضبط

  • حقل الضبط: OSt

005 - تاريخ ووقت أخر عملية

  • حقل الضبط: 20110912144731.0

008 - عناصر بيانات ثابتة الطول

  • حقل تحكم ثابت الطول: 110912|||a|||||| | ||| d

040 ## - مصدر الفهرسة

  • هيئة الفهرسة الأصلية: OSt
  • وكالة الكتابة: OSt

100 ## - مدخل -- أسم شخص

  • إسم شخص: أبو النور، محمد

670 ## - بيانات المصدر موجوده

  • الاستشهاد بالمصدر: Work cat.: (OSt)10436: منصور، عوض 4329, تحليل نظم المعلومات باستخدام الكمبيوتر =, 2002